| 000 | 00989nam a2200277 a 4500 | ||
|---|---|---|---|
| 001 | |||
| 003 | |||
| 005 | 20211227111330.0 | ||
| 008 | 110331s2013 dr ac 000 0bspa d | ||
| 020 | _a9789945007275 | ||
| 040 |
_aBPMSU _bspa _cBPMSU |
||
| 082 |
_a923.57293 _bD985B 2013 _222 |
||
| 100 | 1 |
_aBalaguer, Joaquín, _d1906-2002 _92 |
|
| 245 | 1 | 3 |
_aEl centinela de la frontera : _bvida y hazañas de Antonio Duvergé / _cJoaquín Balaguer. |
| 250 | _a7a. ed | ||
| 260 |
_aSanto Domingo : _bCentenario, _c2013 |
||
| 300 |
_a206 p. : _bil., retrs. ; _c22 cm. |
||
| 500 | _aIncluye referencias bibliográficas y notas al pie de las páginas. | ||
| 590 | _6Inventariado, 2021/VM | ||
| 600 | 1 | 4 |
_aDuvergé, Antonio, _d1807-1855 _xVida militar |
| 650 | 4 |
_aGenerales (Ciencia militar) _zRepública Dominicana _vBiografías |
|
| 651 | 4 |
_aRepública Dominicana _xHistoria _y1844-1930 |
|
| 710 | 2 | _aFundación Joaquín Balaguer (República Dominicana) | |
| 910 | _aVMateo V. | ||
| 942 |
_2ddc _cBK |
||
| 999 |
_c13734 _d13734 |
||